00493nam a2200193 a 4500001001300000003000900013005001700022008004100039020001000080082001600090100002100106245002500127260003200152300000800184500003500192505002800227650002300255700002100278nice12345678IN_TiNIC20260116011651.0050524s1936 teha grp 000 0 per  ac10000a232.96bJON aJones, E Stanley aMuhabbat-E-Janbazana aTehranbBrukhim Pressc1936 a54p aincludes index and biblioraphy2 aHand Written Manuscript aJesus Christ-Death1 aJones, E Stanley